The nucleon-nucleon interaction /
Salvato in:
| Autori principali: | , |
|---|---|
| Natura: | Libro |
| Lingua: | inglese |
| Pubblicazione: |
Amsterdam :
North-Holland,
1976
|
| Edizione: | 1.vyd. |
| Soggetti: | |
| Tags: |
Nessun Tag, puoi essere il primo ad aggiungerne!!
|
MARC
| LEADER | 00000nam a22000003a 4500 | ||
|---|---|---|---|
| 001 | stu7898 | ||
| 005 | 20150617225806.0 | ||
| 008 | 950524s1976----ne------------------eng-d | ||
| 020 | |a 0-444-10894-7 | ||
| 040 | |a STU |b slo | ||
| 041 | 0 | |a eng | |
| 044 | |a ne | ||
| 080 | |a 539.125 | ||
| 080 | |a 539.17 | ||
| 084 | |a A1375C |2 INS | ||
| 084 | |a A1385 |2 INS | ||
| 100 | 1 | |a Brown, G.E |4 aut | |
| 245 | 1 | |a The nucleon-nucleon interaction / |c [aut.] Brown,G.E.; Jackson,A.D | |
| 250 | |a 1.vyd. | ||
| 260 | |a Amsterdam : |b North-Holland, |c 1976 | ||
| 300 | |a 242 s | ||
| 650 | 7 | |a jadrové reakcie |2 stusub | |
| 650 | 7 | |a elementárne častice |2 stusub | |
| 650 | 7 | |a rozptyl častíc |2 stusub | |
| 700 | 1 | |a Jackson, A.D |4 aut | |
| 996 | |b E79788 |c E*79788 |l EE10 |s P |a 0 |w stu7898_0001 | ||